000 00492cam a2200181ua 4500
001 11961
008 191206n ii |||gr||||Z||||||eng
020 _a9788190781206
040 _cMAIN
082 _a811.008
100 _aSib Sankar Mazumdar,
_eEditor.,
245 _aA selective anthology of American Poetry
_cEdited by Sib Sankar Mazumdar
250 _a1st ed.
260 _aGuwahati:
_bEBH Publishers,
_c2009.
300 _a130p.
653 _aAmerican poetry in English
942 _cBK
999 _c10748
_d10748